00624nem a22001811 4500001001100000005001700011007000900028008004100037020000800078034000600086040004500092110003700137245008700174255002300261260004100284300005000325651006700375000000893720151217161139.0aj cauun080623s xx a 0 eng d cKES0 aa aYour Holding SymbolcYour Holding Symbol2 aTourist Maps (Kenya)@000015974812aA Map of Mount Kenya National Park and the surroundingsh[map] /cTourist Maps (K) aScale 1 : 150,000. aNairobi :bTourist Maps (K),c[1974] a1 map :bcol ;c59x78 cm, folded to 31x15 cm. 0aMount Kenya National Park (Kenya)xMaps, Tourists.@0000159751